000 01132nmc a2200373 a 4500
003 AR-BaBNM
005 20251128204901.0
008 236019s1979 ||||||||||||||000 | spa||
020 _a84-277-0301-5
040 _cAR-BaBNM
100 1 _aSánchez de Horcajo, J.J.
245 1 0 _aLa gestión participativa en la enseñanza
_bpresupuestos sociopedagógicos
250 _a2ª ed.
260 _aMadrid
_bNarcea
_c1979
300 0 _a191 p.
_bdiagr.,tablas
490 0 _aEducación hoy
500 0 _aAnexos con experiencias de gestión participativa en España y Bélgica.
504 _aBibliografía: p. 186-191
650 4 _aPARTICIPACION
650 4 _aBUROCRACIA
650 4 _aPEDAGOGIA
650 4 _aPARTICIPACION DE LOS PADRES
650 4 _aPARTICIPACION DEL ALUMNO
650 4 _aPARTICIPACION DEL DOCENTE
650 4 _aINCENTIVOS PARA LA PARTICIPACION
650 4 _aRELACION ESCUELA-ALUMNOS
650 4 _aRELACION FAMILIA-ESCUELA
650 4 _aRELACION ESCUELA-COMUNIDAD
651 4 _aEspaña
653 0 _aGESTION EDUCATIVA
700 1 _aMaillo, Adolfo
_eprologuista
942 _cBK
998 _csilvi
999 _c9187
_d9187